000 00470nam a2200169Ia 4500
008 230524s9999 xx 000 0 und d
020 _a9788120352926
082 _a5.1
_bGUT
100 _aJohn V.Guttag
_943948
245 0 _aIntroduction to Computation and Programming using Python (with Application to Understanding Data
250 _a2
260 _aDelhi
_bPHI
_c2016
300 _a"XI,447p;"
500 _aQuantity Number: 1
650 _aComp.Sc
942 _cBK
999 _c59571
_d59571